World Fintech Report 2021: stále větší hráči se stávají konkurenty klasických bank

Fintech spoločnosti na poli finančných služieb ako neoddeliteľná súčasť finančného ekosystému. Prehľad vybraných fintech spoločností podľa regiónov. Medziročný nárast komplikácií, s ktorými sa fintech spoločnosti museli vysporiadať v roku 2020. Greenfield, Brownfield a Bluefield. Služby bánk, v rámc...

Full description

Saved in:
Bibliographic Details
Format: Book Chapter
Language:Czech
Subjects:
Tags: Add Tag
No Tags, Be the first to tag this record!

MARC

LEADER 00000naa a2200000 4500
001 0278331
005 20241022134521.3
041 0 |a cze 
044 |a CZ 
245 1 0 |a World Fintech Report 2021: stále větší hráči se stávají konkurenty klasických bank 
520 |a Fintech spoločnosti na poli finančných služieb ako neoddeliteľná súčasť finančného ekosystému. Prehľad vybraných fintech spoločností podľa regiónov. Medziročný nárast komplikácií, s ktorými sa fintech spoločnosti museli vysporiadať v roku 2020. Greenfield, Brownfield a Bluefield. Služby bánk, v rámci ktorých sa klienti bánk najčastejšie stretávali s problémami. 
610 2 0 |a banky 
610 2 0 |a bankovníctvo 
610 2 0 |a technológie finančné 
610 2 0 |a spoločnosti 
610 2 0 |a služby finančné 
610 2 0 |a start-up 
610 2 0 |a greenfield 
610 2 0 |a brownfield